夜之蜘蛛猴

資料類型: Book 圖書   書目號:6146

Leader xxxxxxxxxx
001 __ PCLIS00006146
005 __ 20230321160410.0
010 0_ |a957-13-2033-1|b平裝|dNT$200
100 __ |a19870509d1996    m  y0chiy09      e
101 1_ |achi|cjpn
102 __ |atw
105 __ |aa   z   000ay
200 1_ |a夜之蜘蛛猴|f村上春樹著|g安西水丸圖 ; 賴明珠譯
205 __ |a初版
210 __ |a臺北市|c時報文化|d1996[民85]
215 0_ |a189面|c彩圖|d21公分
225 1_ |a藍小說|v909
225 2_ |a村上春樹作品集
306 __ |a1996年二刷
410 _0 |12001 |a村上春樹作品集
454 _1 |12001 |a夜ソゑパゥペ|zjpn
606 __ |2cst|a極短篇小說
681 __ |a861.57|b8354
681 __ |a861.57|b8476 88 V.909
700 _1 |a村上|b春樹|f1949-  |4702 _1 |a安西|b水丸|4702 _1 |a|b明珠|f1947-  |4801 _0 |atw|b內湖高中|c20010622
801 _2 |atw|b內湖高中|c20230321|gCCR
詳細館藏(共 1 筆)
索 書 號登 錄 號冊次號館別 / 館藏地流通類型狀態加入預約清單電子資源
861.57 / 8354 2006676  圖書館 / 一樓普通區 可外借30天 在館   

| 條列資料




目錄查詢 分類查詢 個人資料 圖書薦購 新書查詢 閉館日 排行榜 更多電子資源 Hami書城 線上資料庫 登出

From : 216.73.216.116

  本日流通累計至 12:14:29 借閱 : 6 次 續借 : 0 次 歸還 : 9 次 預約 : 0 次 電子資源 : 0 次


內湖高中圖書館  PCLIS 版本  25.5.0.2